000 00420nam a22001457a 4500
020 _a978-1-4723-2520-4
082 _a823
_bDAR/F
245 _aFROZEN
_bFrom the movie Disney
246 _aBook of the Film
_bFrozen
250 _a2013
260 _aParagon books UK
_bParagon
_c2013
300 _a144
_bColour pages
520 _aFrozen is the story of Anna , who sets off on an epic journey to save her kingdom.
942 _cBK
999 _c226
_d226